00761nam a2200241Ia 450000100060000000300090000600800410001504000130005604000130006904100120008210000160009410000290011024500470013924500590018625000110024526000110025626000290026726000490029630000550034550000530040065000350045365000310048823133IT-RoPAU130308s9999 xx 000 0 und d aIT-RoPAU cIT-RoPAU aINGLESE aWhite Aidan gCodice Aut. SPICS: 6583 aRace, Press Freedom and the Right of Reply bIt Ain'T Half Racist, Mum-Fighting Racism in The Media a1a ed. aLONDON bComedia Publishing Group c1982 [1° Ed.:1982 - Ed.Ling.Originale:1982] a"5 p. (prefazione: no ; testo: 5 [pagine: 80-84])" aRazza Libertà di Stampa e Diritto Alla Replica aSAGGI DI COMUNICAZIONE SOCIALE eCodice materia Spics: 3807